000 00512nam a22001817a 4500
999 _c7421
_d7421
003 Ost
005 20190915140356.0
008 190904b ||||| |||| 00| 0 eng d
020 _a9781471131820
040 _cBT-PhCST
050 _a23149
082 _222
_a158
_bCOV
100 _aCovey, Stephen R.
245 _aThe 7 habits of highly effective people :
_bpowerful lessons in personal change /
260 _aNew Delhi :
_bSimon & Schuster,
_cc2013.
300 _axxx, 391 p. :
_bill. ;
_c19 cm.
942 _2ddc
_cF